1777 1488 1952 1679 1423 1220 1767 1967 1173 1603 1903 1727 1333 1812 1037 1285 1211 1443 1574 1331 1092 1975 1167 1866 1159 1536 1057 1158 1349 1343 1030 1201 1400 1404 1766 1971 1285 1717 1887 1795 1051 1108 1593 1498 1236 1329 1469 1509 1175 1844 1647 1799 1761 1384 1099 1693 1509 1259 1068 1044 1599 1573 1905 1938 1994 1020 1595 1572 1335 1002 1135 1585 1497 1747 1601 1872 1164 1268 1526 1147 1986 1159 1987 1937 1688 1756 1635 1467 1184 1698 1004 1987 1013 1236 1459 1058 1552 1025 1950 BCNSPRNW ULIB Ver.6.0+V

เปลี่ยนเป็นภาษาไทย

Change to English
 แสดงรายละเอียดบรรณานุกรม
  กลับหน้าหลัก

Brief Record : Get Marc (ISO 2709) : E-mail record : QR code < ปิดหน้าต่าง
LEADER : 00000nam 2200000uu 4500
001    13399123462
003     ULIB
008    140922s2555||||th 000 0 tha d
020    ^a9786169154105
060 04 ^aWQ200^bก451
245 00 ^aการดูแลปัญหาที่พบบ่อยทางสูติศาสตร์ =^bManagement of common problems in obstetrics /^cวรพงศ์ ภู่พงศ์,บรรณาธิการ
246 01 ^aManagement of common problems in obstetrics.
250    ^aนิพนธ์และเรียบเรียงครั้งที่ 1
260    ^aกรุงเทพฯ :^bราชวิทยาลัยสูตินรีแพทย์แห่งประเทศไทย,^c2555
300    ^a308 หน้า :^bภาพประกอบ ;^c30 ซม.
650  4 ^aสูติศาสตร์
650  4 ^aครรภ์
650  4 ^aภาวะแทรกซ้อนขณะมีครรภ์
700 0  ^aวรพงศ์ ภู่พงศ์,^eบรรณาธิการ
710 2  ^aราชวิทยาลัยสูตินรีแพทย์แห่งประเทศไทย
945    ^p400^l0^i20758
945    ^p400^l0^i20759
945    ^p400^l0^i20760
945    ^p400^l0^i20761
945    ^p400^l0^i20762
999    ^aทศพร เกษรทอง
รายการนี้ยังไม่มีแท็ก
คุณยังไม่ได้ล็อกอิน คุณสามารถมีกิจกรรมร่วมกับเว็บไซต์ได้ แต่ต้องล็อกอินก่อน ::
  ล็อกอิน

รายการสื่อสารสนเทศ

ลำดับที่ ประเภท เลขเรียก/บาร์โค้ด สถานที่ สถานะ
1. วิทยาศาสตร์การแพทย์ และสุขภาพ
วิทยาศาสตร์การแพทย์ และสุขภาพ
สถานะ=หนังสือเก่า
WQ200 ก451 ฉ.1 
  Barcode: 20758
ห้องสมุดวิทยาเขตนครสวรรค์
►ส่วนจัดเก็บหนังสือเก่า นว.
บนชั้น
  ขอยืม
2. วิทยาศาสตร์การแพทย์ และสุขภาพ
วิทยาศาสตร์การแพทย์ และสุขภาพ
สถานะ=หนังสือเก่า
WQ200 ก451 ฉ.2 
  Barcode: 20759
ห้องสมุดวิทยาเขตนครสวรรค์
►ส่วนจัดเก็บหนังสือเก่า นว.
บนชั้น
  ขอยืม
3. วิทยาศาสตร์การแพทย์ และสุขภาพ
วิทยาศาสตร์การแพทย์ และสุขภาพ
สถานะ=หนังสือเก่า
WQ200 ก451 ฉ.4 
  Barcode: 20761
ห้องสมุดวิทยาเขตนครสวรรค์
►ส่วนจัดเก็บหนังสือเก่า นว.
บนชั้น
  ขอยืม
4. วิทยาศาสตร์การแพทย์ และสุขภาพ
วิทยาศาสตร์การแพทย์ และสุขภาพ
สถานะ=หนังสือเก่า
WQ200 ก451 ฉ.5 
  Barcode: 20762
ห้องสมุดวิทยาเขตนครสวรรค์
►ส่วนจัดเก็บหนังสือเก่า นว.
บนชั้น
  ขอยืม

รายการใกล้เคียง
    หัวเรื่อง [สูติศาสตร์]
    หัวเรื่อง [ครรภ์]
    หัวเรื่อง [ภาวะแทรกซ้อนขณะมีครรภ์]

BibComment


ยังไม่เคยถูกคอมเมนท์

คอมเมนท์ทรัพยากรรายการนี้
  คอมเมนท์: การดูแลปัญหาที่พ..


 Copyright 2026. Bcnsprnw @Library